MARC

LEADER 00000nam0a2200000 4500
001 50661
005 20231031033342.0
035 |a (RuTPU)RU\TPU\book\53041 
090 |a 50661 
100 |a 20030418d1980 k y0rusy50 ca 
101 0 |a rus 
102 |a RU 
105 |a a z 001zy 
200 1 |a Обеспечение радиационной безопасности в радиационно-химической технологии  |f Д. Е. Чистов, А. В. Ларичев 
210 |a Москва  |c Атомиздат  |d 1980 
215 |a 34 с.  |c ил. 
225 1 |a Радиационно-химическая технология: РХТ 
320 |a Библиогр.: с. 32-33. 
610 1 |a ядерная техника 
610 1 |a радиационная безопасность 
610 1 |a радиационно-химическая технология 
610 1 |a радиационная защита 
610 1 |a облучение 
610 1 |a радиактивные загрязнения 
675 |a 621.039.58  |v 3 
700 1 |a Чистов  |b Е. Д.  |g Евгений Дмитриевич 
701 1 |a Ларичев  |b А. В.  |g Анатолий Васильевич 
801 1 |a RU  |b 63413507  |c 20030418  |g PSBO 
801 2 |a RU  |b 63413507  |c 20140714  |g PSBO 
942 |c BK